Capitales selon les pays, de A à Z - Statistiques

Statistiques générales
  • Ce quiz a été pris 161 fois
    138 depuis la dernière actualisation
  • Le résultat moyen est 17 sur 24
Statistiques - réponses
Pays Capitale % Correct
Belgique Bruxelles
99%
Grèce Athènes
98%
Australie Canberra
95%
France Paris
95%
Espagne Madrid
94%
Italie Rome
93%
Canada Ottawa
88%
Croatie Zagreb
83%
Israel Jerusalem
81%
Chili Santiago
74%
Cuba La Havane
73%
Equateur Quito
71%
Koweit Koweit
69%
Syrie Damas
68%
Nouvelle Zélande Wellington
68%
Vietnam Hanoi
66%
Chypre Nicosie
64%
Pakistan Islamabad
63%
Liechtenstein Vaduz
61%
Cameroun Yaounde
59%
Arménie Erevan
58%
Taiwan Taipei
58%
Sierra Leone Freetown
43%
Burundi Gitega
27%
Aucun quiz correspondant
Distribution des résultats
% des personnes avec chaque résultat
Percentile par nombre de réponses
Votre historique - résultats
Vous n’avez pas pris ce quiz depuis la dernière actualisation